Songs by Adele - Statistics

General Stats
  • This quiz has been taken 1,405 times
    1,087 since last reset
  • The average score is 15 of 44
Answer Stats
Track Answer % Correct
1 (25) Hello
94%
1 (21) Rolling In The Deep
88%
11 (21) Someone Like You
84%
5 (21) Set Fire To The Rain
75%
3 (19) Chasing Pavements
71%
4 (25) When We Were Young
62%
4 (21) Turning Tables
61%
2 (21) Rumour Has It
58%
6 (25) Water Under the Bridge
52%
2 (25) Send My Love (To Your New Lover)
50%
10 (25) All I Ask
49%
12 (19) Hometown Glory
48%
9 (19) Make You Feel My Love
47%
7 (25) River Lea
39%
8 (25) Love in the Dark
38%
9 (25) Million Years Ago
36%
3 (21) Don't You Remember
35%
5 (25) Remedy
35%
10 (21) Lovesong
34%
9 (21) One And Only
33%
1 (19) Daydreamer
31%
3 (25) I Miss You
29%
11 (25) Sweetest Devotion
29%
7 (21) Take It All
28%
6 (21) He Won't Go
27%
4 (19) Cold Shoulder
26%
8 (21) I'll Be Waiting
24%
8 (19) Right As Rain
22%
6 (19) Melt my Heart To Stone
21%
10 (19) My Same
21%
5 (19) Crazy For You
19%
7 (19) First Love
18%
11 (19) Tired
18%
2 (19) Best For Last
17%
Bonus (21) I Found a Boy
11%
Bonus (25) Can't Let Go
9%
Bonus (21) Hiding My Heart
8%
Bonus (21) If It Hadn't Been for Love
7%
Bonus (25) Lay Me Down
7%
Bonus (25) Why Do You Love Me
7%
Bonus (19) That’s It, I Quit, I'm Moving On
6%
Bonus (19) Painting Pictures
5%
Bonus (21) Need You Now
4%
Bonus (19) Now and Then
4%
No matching quizzes found
Score Distribution
Percent of People with Each Score
Percentile by Number Answered
Your Score History
You have not taken this quiz since the last reset